Narodnochozjajstvennaja struktura i investicionnyje prioritety.
Cieľom state je podrobná analýza vedeckého zdôvodnenia investičnej politiky na základe investičnej činnosti v 12. päťročnici a zdôvodnenie nevyhnutnosti prestavby investičnej politiky v podmienkach rozšírenia ekonomickej suverenity republík a prechodu na trhové vzťahy. Určenie základných cieľov a sm...
Saved in:
| Main Author: | |
|---|---|
| Format: | Book Chapter |
| Language: | Russian |
| Subjects: | |
| Tags: |
No Tags, Be the first to tag this record!
|
MARC
| LEADER | 00000naa a2200000 4500 | ||
|---|---|---|---|
| 001 | r005806 | ||
| 005 | 20221208122437.0 | ||
| 041 | 0 | |a rus | |
| 044 | |a [SU] | ||
| 245 | 1 | 0 | |a Narodnochozjajstvennaja struktura i investicionnyje prioritety. |c P. Išutin |
| 520 | |a Cieľom state je podrobná analýza vedeckého zdôvodnenia investičnej politiky na základe investičnej činnosti v 12. päťročnici a zdôvodnenie nevyhnutnosti prestavby investičnej politiky v podmienkach rozšírenia ekonomickej suverenity republík a prechodu na trhové vzťahy. Určenie základných cieľov a smerov investičnej politiky v prestavbe. Spájanie štátneho ekonomického regulovania a trhu ako základ zvýšenia efektívnosti investícií. | ||
| 610 | 2 | 0 | |a politika investičná |
| 610 | 2 | 0 | |a investície |
| 610 | 2 | 0 | |a ZSSR |
| 610 | 2 | 0 | |a reformy hospodárske |
| 610 | 2 | 0 | |a štruktúra ekonomická |
| 610 | 2 | 0 | |a regulácia hospodárska |
| 100 | 1 | |a Išutin, P. | |